00697nam a22001937a 4500003000800000008004100008037002000049040003500069041000800104080001100112100003400123245006800157260009500225300001800320500004400338650003900382655002200421710006000443BI-BuBU260317b2025 bd fr|||| 000 0 fre d bdon de l'auteur aBI-BuBUbfrecBI-BuBUdBI-BuBU0 afre a336.761 4aut.aNtawiratsa Rédempteur10aCours de marchés financiers Bac IIIcRédempteur Ntawiratsa  aBujumburabUniversité du Burundi, Faculté des Sciences Economiques et de Gestionc2025 a51 p.c30 cm. acours magistral:30 travaux dirigés:15 72BI-BuBUaMarché FinancierxCours 72BI-BuBUaSyllabus 4aut.a Faculté des Sciences Economiques et de Gestion